• 首页
  • 本馆介绍
  • 公告通知
  • 最新文献
  • 馆藏检索
  • 电子资源
  • 读者导购
  • 参考咨询
  • 我的图书馆
  • 登录
  • 详细信息显示
  • 放入我的书架
  • 预约/预借图书
  • 作者相关作品
  • 分类相关作品
  • 丛书相关作品
  • 出版社相关作品

书目信息

  • 表格格式
  • 工作单格式
  • 卡片格式
题名:
国外建筑入口环境
    
 
作者: 薛健 著
分册:  
出版信息: 天津   天津大学出版社  2002
页数: 284页
开本: 29cm
丛书名:
单 册:
中图分类: TU22-64
科图分类:
主题词: 建筑物--入口--建筑设计--国外--图集
电子资源:
ISBN: 7-5618-1669-3
000 00926nam0 2200229 450
001 1529715324
005 20150117081547.12
010    @a7-5618-1669-3@dCNY138.00
100    @a20021104d2002----em-y0chiy0110----ea
101 0  @achi
102    @aCN@b120000
105    @aa---z---000yy
200 1  @a国外建筑入口环境@9guo wai jian zhu ru kou huan jing@f薛健著
210    @a天津@c天津大学出版社@d2002
215    @a284页@d29cm
314    @a薛健(1960~),江苏徐州人,现为薛健建筑装饰设计事务所总裁、兼任中国矿业大学工业设计系教授、山东建筑工程学院艺术设计系教授,出版有《居室装饰指南》、《装修构造与作法》等。
330    @a本书选录的600余幅建筑门墙和人口环境作品,向人们展示了从古典到现代,从室内到室外,从住宅到公共环境,千姿百态的美的形式,涵盖面广而且具有系统性。
606 0  @a建筑物@x入口@x建筑设计@x国外@j图集
690    @aTU22-64@v5
701  0 @a薛健@9xue jian@4著
801  0 @aCN@bTSSF@c20150115
905    @aZUCC@dTU22-64@eJY58
    
    国外建筑入口环境/薛健著.-天津:天津大学出版社,2002
    284页;29cm
    
    
    ISBN 7-5618-1669-3:CNY138.00
    本书选录的600余幅建筑门墙和人口环境作品,向人们展示了从古典到现代,从室内到室外,从住宅到公共环境,千姿百态的美的形式,涵盖面广而且具有系统性。
●
相关链接 在E读中查询图书 在五车中查询图书 在当当中查询图书 在豆瓣中查询图书


正题名:国外建筑入口环境     索取号:TU22-64/JY58         预约/预借

序号 登录号 条形码 馆藏地/架位号 状态 备注
1 7841760   278417606   学院路分馆/ [索取号:TU22-64/JY58] 在馆    
唐山师范学院图书馆 欢迎您!
大连网信软件有限公司© 版权所有